Normal view
MARC view
- Rheology.
Entry Topical Term
001 - CONTROL NUMBER
- control field: 7273
003 - CONTROL NUMBER IDENTIFIER
- control field: OSt
005 - DATE AND TIME OF LATEST TRANSACTION
- control field: 20170523151150.0
008 - FIXED-LENGTH DATA ELEMENTS
- fixed length control field: 170523|| aca||aabn | a|a d
040 ## - CATALOGING SOURCE
- Original cataloging agency: OSt
- Transcribing agency: OSt
150 ## - HEADING--TOPICAL TERM
- Topical term or geographic name entry element: Rheology.
670 ## - SOURCE DATA FOUND
- Source citation: Work cat.: (OSt): Braun, David B. 7272, The rheology modifier handbook : , 1999.

PORTAL AKMAL
E-MEL JKDM
AKMAL2U
G-BAM
u-PUSTAKA